000 00534nam a2200205Ia 4500
008 160418s9999 xx 000 0 und d
020 _a971-8845-26-7
050 _aFIL PL 5539
050 _b.J67 1998
100 _aJose, F. Sionil.
245 _aPuppy love and other short stories /
245 _cF. Sionil Jose.
260 _aManila :
260 _bSolidaridad Pub. House,
260 _c1996
300 _a192 pages :
300 _billustrations ;
300 _c18 cm.
650 _aShort stories, Philippine (English).
999 _c293547
_d293547